| 000 | 01235nam a2200277 i 4500 | ||
|---|---|---|---|
| 001 | 162233 | ||
| 003 | ES-MaACL | ||
| 005 | 20230906212446.0 | ||
| 008 | 940301s1880 sp |||| | spa d | ||
| 100 | 1 |
_aPlá y Rave, Eugenio. _9131225 |
|
| 245 | 1 | 0 |
_aManual de cultivo de árboles frutales y de adorno / _cpor D. Eugenio Plá y Rave. |
| 260 |
_aMadrid : _b[s.n.], _c1880 ( _fTip. de G. Estrada) |
||
| 300 |
_a248 p. ; _c17 cm. |
||
| 490 | 1 | _aBiblioteca enciclopédica popular ilustrada. Sección 2ª. Agricultura, cultivo y ganadería | |
| 505 | 8 | _aContiene: Generalidades botánicas . Multiplicación de las plantas leñosas . Operaciones de cultivo . Cultivo de árboles y arbustos | |
| 530 | _aDisponible en formato digital. | ||
| 596 | _aMarca tip. en port. | ||
| 650 | 4 |
_aFruticultura. _912986 |
|
| 650 | 4 |
_aÁrboles frutales. _9172768 |
|
| 650 | 4 |
_aÁrboles ornamentales. _9172769 |
|
| 700 | 1 |
_aEstrada, Gregorio. _9126979 |
|
| 830 | 1 |
_aBiblioteca enciclopédica popular ilustrada. Sección 2ª. Agricultura, cultivo y ganadería _9182523 |
|
| 852 |
_aES-MaACL _jF-13609 _z- Enc. hol. |
||
| 856 |
_uhttp://bdh-rd.bne.es/viewer.vm?id=0000187027&page=1 _zBiblioteca Digital Hispánica |
||
| 999 |
_c162233 _d162233 |
||